00377nam a2200157Ia 4500001000500000005001700005008004100022041000800063082001500071100003300086245006200119260000900181300001300190650000800203654000800211441320260306145754.0260306t2007||||xx |||||||||||||| ||spa|| aESP a321.8bC93 aRomán Zozaya, ArmandoeAUT 0aLa importancia de la oposición política democrática c2007 ac21 cm. aGEN aCDE